01455cam a2200205 a 4500020001800000020001500018040000800033082002600041245017300067260007600240300004500316520043100361520018900792650001600981700002700997710006101024710005201085856005701137856005501194 a9789251060070 a925106007X cWAU04a636 FOO 2008 A056 Or.04aThe future of mariculture: a regional approach for responsible development in the Asia-Pacific region :bFAO/NACA regional workshop, 7-11 March 2006, Guangzhou, China / aRome :bFood and Agriculture Organization of the United Nations,c2008. aXI, 325 p. :bill. (some col.) ;c30 cm. aAquaculture in the Southeast Asian region has been growing steadily over the last few decades, requiring more space to accommodate it. The search for additional areas to expand the aquaculture industry as a whole and the identification of new farming species of commercial value to satisfy the growing local and export market are pushing the sector in some countries to broaden activities in the sea.--Publisher's description.0 aBangladesh; People's Republic of China; Hong Kong; India; Indonesia; Islamic Republic of Iran; Japan; Republic of Korea; Malaysia; The Philippines; Thailand; Viet Nam; Pacific Islands. 0aMariculture1 aLovatelli, Alessandro.2 aFood and Agriculture Organization of the United Nations.2 aNetwork of Aquaculture Centres in Asia-Pacific.41uhttp://www.loc.gov/catdir/toc/fy0903/2008485318.html11uftp://ftp.fao.org/docrep/fao/011/i0202e/i0202e.pdf